Armored warfare : (Record no. 552386)

000 -LEADER
fixed length control field 00807pam a2200205 a 4500
020 ## - INTERNATIONAL STANDARD BOOK NUMBER
International Standard Book Number 0313240671 (lib. bdg.)
082 00 - DEWEY DECIMAL CLASSIFICATION NUMBER
Classification number 355.4
Author Mark FUL
-- D
100 1# - MAIN ENTRY--PERSONAL NAME
Personal name Fuller, J. F. C.
9 (RLIN) 37121
245 10 - TITLE STATEMENT
Title Armored warfare :
Remainder of title an annotated edition of Lectures on F.S.R. III (operations between mechanized forces) /
Statement of responsibility, etc. by J.F.C. Fuller ; foreword by S.L.A. Marshall.
260 ## - PUBLICATION, DISTRIBUTION, ETC.
Place of publication, distribution, etc. Westport, Conn. :
Name of publisher, distributor, etc. Greenwood Press,
Date of publication, distribution, etc. 1983.
300 ## - PHYSICAL DESCRIPTION
Extent xix, 189 p. :
Other physical details ill. ;
Dimensions 22 cm.
500 ## - GENERAL NOTE
General note Reprint. Originally published: 1st American ed. Harrisbury, Pa. : Military Service Pub. Co., 1943.
526 ## - STUDY PROGRAM INFORMATION NOTE
Program name 0
Interest level 0
Reading level 0
Title point value 355_400000000000000_FUL
650 #0 - SUBJECT ADDED ENTRY--TOPICAL TERM
Topical term or geographic name entry element MCE
9 (RLIN) 379
650 #0 - SUBJECT ADDED ENTRY--TOPICAL TERM
Topical term or geographic name entry element Mechanization, Military.
9 (RLIN) 49599
650 #0 - SUBJECT ADDED ENTRY--TOPICAL TERM
Topical term or geographic name entry element Strategy.
650 #0 - SUBJECT ADDED ENTRY--TOPICAL TERM
Topical term or geographic name entry element Tank warfare.
9 (RLIN) 49525
700 1# - ADDED ENTRY--PERSONAL NAME
Personal name Fuller, J. F. C.
9 (RLIN) 37121
942 ## - ADDED ENTRY ELEMENTS (KOHA)
Source of classification or shelving scheme
Koha item type Book
Holdings
Withdrawn status Lost status Source of classification or shelving scheme Damaged status Not for loan Permanent Location Current Location Shelving location Date acquired Total Checkouts Full call number Barcode Date last seen Price effective from Koha item type
          Military College of Engineering (MCE) Military College of Engineering (MCE)   01/14/2015   355.4 FUL MCE-ECL/74 01/14/2015 01/14/2015 Book
© 2023 Central Library, National University of Sciences and Technology. All Rights Reserved.